000 00711nam a2200253Ia 4500
003 OSt
005 20221005085919.0
006 a|||||r|||| 00| 0
007 ta
008 221004b |||||||| |||| 00| 0 eng d
020 _a0156376091 (pbk)
024 _a120874
037 _bGift, 10/08/2012,
_cTextual
040 _aCRL
_cCRL
_beng
041 _2eng
_aeng
082 _aO111,3N038,GO, H8
100 _aCozzens James Gould
245 0 _aGuard of honor
260 _aNew York
_bHarvest/HBJ Book USA
_c1948
300 _a631p.
_ccm.
650 _aENGLISH LITERATURE
942 _hO111,3N038,GO, H8
_cTEXL
_2cc
999 _c994990
_d994990